Výsledky a problémy výmenných akcií OD PRIOR v rámci krajín RVHP a program ich ďalšieho rozvoja záverečná práca postgraduálneho štúdia

Na minha lista:
Detalhes bibliográficos
Autor principal: Matulová, Mariana
Autor Corporativo: Vysoká škola ekonomická v Bratislave
Outros Autores: Kovács, Zoltán
Formato: Livro
Idioma:eslovaco
Publicado em: Bratislava 1987
Tags: Adicionar Tag
Sem tags, seja o primeiro a adicionar uma tag!

MARC

LEADER 00000nam a2200000 4500
001 c022946
005 20221219095431.2
041 0 |a slo 
044 |a SK 
245 1 0 |a Výsledky a problémy výmenných akcií OD PRIOR v rámci krajín RVHP a program ich ďalšieho rozvoja  |b záverečná práca postgraduálneho štúdia  |c Mariana Matulová ; Ved. práce Zoltán Kovács 
264 1 |a Bratislava  |c 1987 
300 |a 52 s. 
100 1 |a Matulová, Mariana 
700 1 |a Kovács, Zoltán 
710 2 |a Vysoká škola ekonomická v Bratislave